| 000 | 00796nam a22002657a 4500 | ||
|---|---|---|---|
| 003 | OSt | ||
| 005 | 20150511153031.0 | ||
| 008 | 130215t xxu||||| |||| 00| 0 eng d | ||
| 020 | _a9715844588 | ||
| 050 |
_aQR 63 _b.M626 2006 |
||
| 082 |
_aFIL 616.9 _b.M58 2006 |
||
| 245 |
_aMicrobiology and parasitology : _blaboratory manual for the health sciences / _ceditors, Howell Ho, Rosita Roldan-Gan, Vivian Berbo. |
||
| 250 | _a2nd ed. | ||
| 260 |
_aQuezon City : _bC & E Pub., _c2006 |
||
| 300 |
_aviii, 211 pages : _billustrations ; _c26 cm. |
||
| 500 | _aIncludes bibliographical reference and appendix. | ||
| 526 | _c1210L-1700L | ||
| 562 | _e3 | ||
| 650 | _aMicrobiology. | ||
| 650 | _aParasitology. | ||
| 942 |
_2lcc _cBK |
||
| 999 |
_c283960 _d283960 |
||